00902nam a2200217Ia 450000500170000000800390001702000180005604000560007404100080013010000250013824500860016326000660024930000230031549000340033850400530037265000540042565000390047965000260051865000170054485601230056120150113092404.0131205s2012 xxu frn 001 0deng a9781107698000 aCO-BoUCMbspacJose A. Gerena (modificó)d[Nuevo]00aeng1 aDunning, Thadd1973-10aNatural experiments in the social sciences a design-based approachcThad Dunning aNueva York (Estados Unidos)bCambridge University pressc2012 axix, 358 páginas0 aStrategies for Social Inquiry aIncluye referencias bibliográficas e índices 7aCiencias socialesxExperimentación científica 7aCiencias socialesxInvestigaciones 7aDiseño experimental 7aSociología41aConsulte las tablas de contenido haciendo clic aquíuhttp://www.loc.gov/catdir/enhancements/fy1210/2012009061-t.html